| 000 | 00758nam a2200229 a 4500 | ||
|---|---|---|---|
| 005 | 20251205063956.0 | ||
| 008 | 010618s1987 ea r 000 0 eng d | ||
| 020 | _a1555422209 | ||
| 035 | _aUPN01000108584 | ||
| 049 | _aCG | ||
| 050 | 4 |
_aLC1059 _bS3.3 |
|
| 100 | 1 | _aSchön, Donald A. | |
| 245 | 1 | 0 |
_aEducating the reflective practitioner / _cDonald A. Schön. |
| 260 |
_aSan Francisco, Calif. : _bJossey-Bass, _cc1987. |
||
| 300 | _a355 p. | ||
| 440 | 0 | _aJossey-Bass higher education series | |
| 534 |
_pSubtítulo de la cubierta: _tToward a new design for teaching and learning in the professions |
||
| 650 | 2 |
_aEducación profesional _919067 |
|
| 650 | 4 |
_aEnseñanza experimental _921471 |
|
| 650 | 4 |
_aInnovaciones educativas _9386 |
|
| 905 | _aLibro | ||
| 999 |
_c82496 _d82496 |
||